All Songs in the Wicked Soundtrack - Statistics

General Stats
  • This quiz has been taken 62 times
  • The average score is 18 of 22
Answer Stats
Sung by Answer % Correct
Jonathan Bailey featuring Ariana Grande, Cynthia Erivo, Marissa Bode, Ethan Slater Dancing Through Life
98%
Cynthia Erivo and Ariana Grande For Good
96%
Ariana Grande Popular
96%
Cynthia Erivo featuring Michelle Yeoh The Wizard And I
96%
Cynthia Erivo featuring Ariana Grande Defying Gravity
92%
Ariana Grande featuring Andy Nyman, Courtney-Mae Briggs, Jeff Goldblum, Sharon D. Clarke and Jenna Boyd No One Mourns the Wicked
92%
Ariana Grande The Girl in the Bubble
92%
Jeff Goldblum, Ariana Grande, and Cynthia Erivo Wonderful
92%
Cynthia Erivo No Good Deed
88%
Ariana Grande and Cynthia Erivo What Is This Feeling?
85%
Cynthia Erivo, Ariana Grande, Kristin Chenoweth and Idina Menzel featuring Michael McCorry Rose One Short Day
83%
Cynthia Erivo I'm Not That Girl
81%
Ariana Grande I'm Not That Girl (Reprise)
81%
Shiz University Choir featuring Ariana Grande Dear Old Shiz
79%
Cynthia Erivo and Jonathan Bailey As Long As You're Mine
77%
Peter Dinklage featuring Cynthia Erivo Something Bad
77%
Jeff Goldblum A Sentimental Man
75%
Cynthia Erivo No Place Like Home
73%
Marissa Bode, Cynthia Erivo, and Ethan Slater The Wicked Witch of the East
71%
Ariana Grande and Wicked Movie Cast featuring Michelle Yeoh Thank Goodness/ I Couldn't Be Happier
69%
Wicked Movie Cast and Ethan Slater March of the Witch Hunters
58%
Wicked Movie Cast and Cynthia Erivo featuring Michelle Yeoh and Ariana Grande Every Day More Wicked
54%
No matching quizzes found
Score Distribution
Percent of People with Each Score
Percentile by Number Answered
Your Score History
You have not taken this quiz